Cơ sở lý luận văn học : Loại thể văn học . t. III : Sách bồi dưỡng giáo viên cấp II và III /
Saved in:
| Main Author: | |
|---|---|
| Other Authors: | , |
| Format: | Book (Paper) |
| Language: | Vietnamese |
| Published: |
Hà Nội :
Giáo dục ,
1978
|
| Tags: |
Add Tag
No Tags, Be the first to tag this record!
|
| Institutions: | Thư viện Trường Đại học Đà Lạt |
|---|
| LEADER | 00770nam a2200277 4500 | ||
|---|---|---|---|
| 001 | DLU020013329 | ||
| 005 | ##6/10/2000 | ||
| 020 | # | # | |a 978- |
| 041 | # | # | |a vie |
| 082 | # | # | |a 801 |b TR-B |
| 090 | # | # | |a 801 |b TR-B |
| 100 | # | # | |a Trần Văn Bính |
| 245 | # | # | |a Cơ sở lý luận văn học : |b Loại thể văn học . |n t. III : |p Sách bồi dưỡng giáo viên cấp II và III / |c Trần Văn Bính, Nguyễn Xuân Nam, Hà Minh Đức |
| 260 | # | # | |a Hà Nội : |b Giáo dục , |c 1978 |
| 300 | # | # | |a 132 tr.; |c 21 cm. |
| 700 | # | # | |a Hà Minh Đức |
| 700 | # | # | |a Nguyễn Xuân Nam |
| 992 | # | # | |a 72 |
| 994 | # | # | |a DLU |
| 900 | # | # | |a False |
| 911 | # | # | |a Administrator |
| 925 | # | # | |a G |
| 926 | # | # | |a A |
| 927 | # | # | |a SH |
| 980 | # | # | |a Thư viện Trường Đại học Đà Lạt |